Land conservation for future generations : report of the Fifth International Soil Conservation Conference, 18-29 January [1988], Bangkok, Thailand

Bibliographic Details
Corporate Authors: INTERNATIONAL Soil Conservation Conference, International Soil Conservation Organization
Format: Book
Published: [Bangkok : Dept. of Land Development, Ministry of Agriculture and Cooperatives , [1988]
Subjects:

MARC

LEADER 00000cam a2200000 7i4500
001 0000002415
005 20030609.0
090 0 0 |a 333.7316   |b INT 1988 
110 1 0 |a INTERNATIONAL Soil Conservation Conference   |i 5th   |k 1988   |j Bangkok, Thailand 
245 1 0 |a Land conservation for future generations :   |b report of the Fifth International Soil Conservation Conference, 18-29 January [1988], Bangkok, Thailand   |c [prepared by] L. Moncharoen, T. Vearasilp, and H. Eswaran 
260 0 0 |a [Bangkok :   |b Dept. of Land Development, Ministry of Agriculture and Cooperatives ,   |c [1988] 
300 |a 274 p. :   |b ill. ;   |c 27 cm. 
650 0 0 |a Land degradation   |x Congresses 
650 0 0 |a Soil conservation   |x Congresses 
710 1 1 |a International Soil Conservation Organization 
998 |a JPSM 
999 |a 0000004005   |b Monograph   |c Open Shelf   |e Default branch